Cameron Movie Images - Sudden Death - Statistics

General Stats
  • This quiz has been taken 60 times
    14 since last reset
  • The average score is 4 of 8
Answers on the Grid
Answers color-coded by a green-red scale on the quiz's grid according to % correct below.
 
Answer Stats
Answer % Correct
Terminator 2: Judgement Day
83%
Avatar
83%
Terminator
50%
The Abyss
50%
Titanic
50%
Aliens
50%
Piranha 2: The Spawning
33%
True Lies
33%
No matching quizzes found
Score Distribution
Percent of People with Each Score
Percentile by Number Answered
Your Score History
You have not taken this quiz since the last reset